Plano de bahía blanca /
Guardado en:
| Formato: | Libro |
|---|---|
| Publicado: |
Bahía Blanca :
Grupo Perl,
2012
|
| Materias: | |
| Etiquetas: |
Agregar Etiqueta
Sin Etiquetas, Sea el primero en etiquetar este registro!
|
| LEADER | 00865nam a22002175a 4500 | ||
|---|---|---|---|
| 001 | CEM.cems013801 | ||
| 005 | 20130617173424.0 | ||
| 008 | 130507s2012##################000#0#####d | ||
| 003 | CEMS | ||
| 082 | 0 | 4 | |a F918.21 |
| 245 | 0 | 0 | |a Plano de bahía blanca / |c Grupo Perl |
| 260 | |a Bahía Blanca : |b Grupo Perl, |c 2012 | ||
| 300 | |a 13 p. | ||
| 505 | 0 | |a Incluye guía de útil: Guía de calles -- Plano microcentro de la ciudad Autónoma de Buenos Aires -- Plano de Punta Alta -- Plano de Villa Ventana -- Rutas de acceso a Bahía Blanca y destinos nacionales.- | |
| 653 | |a Bahía blanca - planos | ||
| 653 | |a Plano de bahía blanca | ||
| 653 | |a Plano de punta alta | ||
| 653 | |a Bahía blanca - accesos | ||
| 653 | |a Plano microcentro caba | ||
| 859 | |a CEMS |b BIB. CEMS - 11 de abril |h F918.21 |i I |p 2776.44 |t Ej.1 | ||
| 859 | |a CEMS |b BIB. CEMS - 11 de abril |h F918.21 |i I |p 2777.44 |t Ej.2 | ||
